Dublin people : (Short stories)
A young country girl comes to live and work in Dublin. Jo is determined to be modern and independent, and to have a wonderful time. But life in a big city is full of strange surprises for a shy country girl ...Gerry Moore is a man with a problem - alcohol. He knows he must give it up, and his family...
Đã lưu trong:
| Príomhúdar: | |
|---|---|
| Formáid: | Leabhar |
| Teanga: | Undetermined |
| Foilsithe: |
Đồng Nai
Nxb. Đồng Nai
2009
|
| Ábhair: | |
| Clibeanna: |
Cuir Clib Leis
Gan Chlibeanna, Bí ar an gcéad duine leis an taifead seo a chlibeáil!
|
| Thư viện lưu trữ: | Trung tâm Học liệu Trường Đại học Cần Thơ |
|---|
| LEADER | 01175nam a2200229Ia 4500 | ||
|---|---|---|---|
| 001 | CTU_149430 | ||
| 008 | 210402s9999 xx 000 0 und d | ||
| 020 | |c 20000 | ||
| 082 | |a 823.9 | ||
| 082 | |b B612 | ||
| 100 | |a Binchy, Maeve | ||
| 245 | 0 | |a Dublin people : | |
| 245 | 0 | |b (Short stories) | |
| 245 | 0 | |c Maeve Binchy | |
| 260 | |a Đồng Nai | ||
| 260 | |b Nxb. Đồng Nai | ||
| 260 | |c 2009 | ||
| 520 | |a A young country girl comes to live and work in Dublin. Jo is determined to be modern and independent, and to have a wonderful time. But life in a big city is full of strange surprises for a shy country girl ...Gerry Moore is a man with a problem - alcohol. He knows he must give it up, and his family and friends watch nervously as he battles against it. But drink is a hard enemy to fight ...These stories by the Irish writer Maeve Binchy are full of affectionate humour and wit, and sometimes a little sadness. | ||
| 650 | |a English language,Short stories,Ngôn ngữ tiếng Anh,Truyện ngắn | ||
| 650 | |x Readers,Người thích đọc sách | ||
| 904 | |i Trọng Hiếu | ||
| 980 | |a Trung tâm Học liệu Trường Đại học Cần Thơ | ||